000 00298nam a22001337a 4500
008 180127b xxu||||| |||| 00| 0 eng d
020 _a9780323057882
041 _aeng
080 _a615
100 _a5
101 _aSHF
245 _a2010 Intravenous Medications
_cGahart, B.L
942 _2udc
_cBK
999 _c41066
_d41066